| 000 | 00567nam a22001817a 4500 | ||
|---|---|---|---|
| 003 | CEME | ||
| 005 | 20210628210013.0 | ||
| 008 | 210210b xxu||||| |||| 00| 0 eng d | ||
| 020 | _a0-07-065534-0 | ||
| 040 | _c. | ||
| 082 | _a621.388 TUR | ||
| 100 |
_aTurin, Willia _977788 |
||
| 245 | _aDigital transmission systems performance analysis and modelling | ||
| 260 |
_aNEW YORK _bMCGRAW HILL _c1999 |
||
| 300 | _a430P | ||
| 650 |
_aDIGITAL COMMUNICATIONS-EVALUATION DIGITAL COMMUNICATIONS-MATHEMATICAL MODELS TRANSMISSION SYSTEMS-DIGITAL _977789 |
||
| 942 |
_cBK _2ddc |
||
| 999 |
_c583008 _d583008 |
||